Visualizzazione normale
Vista MARC
- Damele
di Personal Name
Records bibliografici associati: 1
001 - CONTROL NUMBER
- control field: 834
003 - CONTROL NUMBER IDENTIFIER
- control field: IT-RoPau
005 - DATE AND TIME OF LATEST TRANSACTION
- control field: 20131101210154.0
008 - FIXED-LENGTH DATA ELEMENTS
- fixed length control field: 131101|| aca||aabn | a|a d
040 ## - CATALOGING SOURCE
- Original cataloging agency: IT-RoPau
- Transcribing agency: IT-RoPau
100 ## - HEADING--PERSONAL NAME
- Personal name: Damele
- Dates associated with a name: Codice Autore Musica SPICS: 24141
- Name of part/section of a work: Paese mio
670 ## - SOURCE DATA FOUND
- Source citation: Work cat.: (IT-RoPau)99830: AA.VV. 794, Musica per quattro stagioni (Lp Hit 30.221)